Southville International School and Colleges
Your cart is empty.
  • Cart
  • Lists
    Public lists Eva Luna New books Lux_list list_1
    Your lists Log in to create your own lists
  • Log in to your account
  • Your cookies
  • Search history
Southville International School and Colleges
  • Advanced search
  • Recent comments
  • Most popular
  • Libraries

Log in to your account

Log in with GOOGLE


If you do not have an external account, but do have a local account, you can still log in:

  1. Home
  2. MARC view: What's next, Gen X? :
Normal view MARC view ISBD view

What's next, Gen X? : (Record no. 25245)

[ view plain ]
MARC details
000 -LEADER
fixed length control field 01166nam a2200217 a 4500
005 - DATE AND TIME OF LATEST TRANSACTION
control field 20140310183611.0
008 - FIXED-LENGTH DATA ELEMENTS--GENERAL INFORMATION
fixed length control field 120829s19uu xx 00 eng d
020 ## - INTERNATIONAL STANDARD BOOK NUMBER
International Standard Book Number 9781422120644
050 ## - LIBRARY OF CONGRESS CALL NUMBER
Classification number HF 5381
Item number .Er5855 2010
100 ## - MAIN ENTRY--PERSONAL NAME
Personal name Erickson, Tamara J.
245 ## - TITLE STATEMENT
Title What's next, Gen X? :
Remainder of title keeping up, moving ahead, and getting the career you want /
Statement of responsibility, etc Tamara Erickson.
260 ## - PUBLICATION, DISTRIBUTION, ETC. (IMPRINT)
Place of publication, distribution, etc Boston, Mass :
Name of publisher, distributor, etc Harvard Business Press,
Date of publication, distribution, etc 2010.
300 ## - PHYSICAL DESCRIPTION
Extent xv, 237 p. :
Other physical details ill. ;
Dimensions 23 cm.
500 ## - GENERAL NOTE
General note Includes bibliographical references and index.
520 ## - SUMMARY, ETC.
Summary, etc Shaping Generation X : your teen years -- Taking stock : Generation X today -- What are they thinking? : the other four generations -- What do you want? : resetting your life and work priorities -- A hard look at the options ahead : the reality of the changing workplace -- Trading up : making the organization you work for work for you -- Branching out : alternative workplaces and portfolio careers -- The neXt generation leader : why you're what we need now-- and how.
521 ## - TARGET AUDIENCE NOTE
Target audience note
650 ## - SUBJECT ADDED ENTRY--TOPICAL TERM
Topical term or geographic name as entry element Generation X
General subdivision Employment
650 ## - SUBJECT ADDED ENTRY--TOPICAL TERM
Topical term or geographic name as entry element Career development
942 ## - ADDED ENTRY ELEMENTS (KOHA)
Koha item type Books
Source of classification or shelving scheme Library of Congress Classification
Call number prefix Foreign
Holdings
Withdrawn status Lost status Source of classification or shelving scheme Damaged status Home library Current library Shelving location Date acquired Total Checkouts Full call number Barcode Date last seen Copy number Price effective from Koha item type
    Library of Congress Classification   College Library College Library General Circulation Section 08/29/2012   HF 5381 .Er5855 2010 C15238 05/15/2018 1 10/18/2013 Books

What's next, Gen X? :

APA

Erickson T. J., . (2010). What's next, Gen X?. Boston, Mass: Harvard Business Press.

Chicago

Erickson Tamara J, . 2010. What's next, Gen X?. Boston, Mass: Harvard Business Press.

Harvard

Erickson T. J., . (2010). What's next, Gen X?. Boston, Mass: Harvard Business Press.

MLA

Erickson Tamara J, . What's next, Gen X?. Boston, Mass: Harvard Business Press. 2010.

  • Place hold
  • Print
  • Cite
  • Add to your cart (remove)
  • Save record
    BIBTEX Dublin Core MARCXML MARC (non-Unicode/MARC-8) MARC (Unicode/UTF-8) MARC (Unicode/UTF-8, Standard) MODS (XML) RIS
  • More searches
    Search for this title in:
    Other Libraries (WorldCat) Other Databases (Google Scholar) Online Stores (Bookfinder.com) Open Library (openlibrary.org)

Exporting to Dublin Core...

SOUTHVILLE LIBRARY

Southville International School and Colleges Library

1281 Tropical Ave. Cor. Luxembourg St., BF Homes International, Las Pinas City

Tel. No. 8256374 / 252358 Loc. 117/146

Powered by Koha